| 000 | 00374nam a2200157Ia 4500 | ||
|---|---|---|---|
| 005 | 20250411022117.0 | ||
| 008 | 240331s9999 xx 000 0 und d | ||
| 020 | _a9558033634 | ||
| 082 |
_bSAS _a891 |
||
| 100 | _aSesan,G.P | ||
| 245 | 0 | _a,Arabiye diyaniyo | |
| 260 |
_aDehiwala _bVidarshana Publishers _c2003 |
||
| 300 | _a215 p ., | ||
| 650 | _aShort Stories | ||
| 942 | _cL | ||
| 999 |
_c5595 _d5595 |
||